Statistics for Sports by description

Click here to take the quiz!

General Stats

  • This quiz has been taken 40 times
  • The average score is 10 of 15

Answer Stats

HintAnswer% Correct
The ball is nicknamed the pigskinFootball
100%
Has a Driver and an IronGolf
98%
The most widely played sport in the worldSoccer
95%
Sometimes referred to as America's pass timeBaseball
90%
It is easier th play this sport if you are tall and can shootBasketball
90%
A sport played well by Canadians and RussiansIce Hockey
90%
Uses fuzzy green ballsTennis
88%
Run forward pass backRugby
83%
Played on horsebackPolo
80%
Either uses a shuttlecock or a birdieBadminton
78%
A sports where spikes are part of the gameVolleyball
45%
Played with a helmet and a little rubber ballLacrosse
40%
Often played clubs with shorts racquetsRacquetball
15%
The fastest sport in the worldJai Alai
13%
Includes a little white ball and two sets of four larger ballsBocci
10%

Score Distribution

Percentile by Number Answered

Percent of People with Each Score

Your Score History

You have not taken this quiz